| 000 | 00445nam a22001337a 4500 | ||
|---|---|---|---|
| 003 | OSt | ||
| 005 | 20260129164110.0 | ||
| 008 | 220106b ||||| |||| 00| 0 eng d | ||
| 040 | _cAIMIT LIBRARY | ||
| 100 |
_aDsouza, Preetham Crystal; Vasantha, G. _912614 |
||
| 245 | _aStudy on GST and its Impact on Auditing / Tax Consultancy firm at CA Lara Dsouza, Mangalore / | ||
| 260 |
_aRanjan Dsouza Chartered Accountant _bVasantha G |
||
| 942 |
_2ddc _cPRO |
||
| 999 |
_c221105 _d221105 |
||